000 00828pam a2200277 i 4500
001 15490
003 BD-RjUL
005 20211208235828.0
008 140210s1977 nyua b 001 0 eng
020 _a0070086974
035 _a(BD-RjUL)15544
040 _aDLC
_cDLC
_dDLC
_dBD-RjUL
_beng
041 _aeng
082 0 0 _a658.4
_bBUM 1977
100 1 _aBuchele, Robert B.
_948114
245 1 4 _aThe management of business and public organizations /
_cRobert B. Buchele.
260 _aNew York :
_bMcGraw-Hill,
_cc1977.
300 _axvi, 348 p. :
_bill. ;
_c23 cm.
490 0 _aMcGraw-Hill series in management
504 _aIncludes bibliographical references and indexes.
650 0 _aManagement.
_948115
650 0 _aPublic administration.
_948116
942 _2ddc
_cBK
999 _c15490
_d15490